<?xml version="1.0" encoding="UTF-8"?>
<collection xmlns="http://www.loc.gov/MARC21/slim">
  <record>
    <leader>00000nam  2200000   4500</leader>
    <controlfield tag="001">INLIS000000000018191</controlfield>
    <controlfield tag="005">20240905070153</controlfield>
    <datafield tag="035" ind1="#" ind2="#">
      <subfield code="a">0010-0924000020</subfield>
    </datafield>
    <controlfield tag="007">ta</controlfield>
    <controlfield tag="008">240905################|##########|#|##</controlfield>
    <datafield tag="084" ind1="#" ind2="#">
      <subfield code="a">R 035 PKA 2023</subfield>
    </datafield>
    <datafield tag="100" ind1=" " ind2="#">
      <subfield code="a">Andy Prasetyo</subfield>
    </datafield>
    <datafield tag="245" ind1="1" ind2="#">
      <subfield code="a">Optimalisasi Manajemen Pengelolaan Sarana dan Prasarana Melalui Aplikasi Sistem Manajemen Sarana dan Prasarana (SIMAPRAS) Di Kementerian Desa, Pembangunan Daerah Tertinggal dan Transmigrasi /</subfield>
      <subfield code="c">Andy Prasetyo</subfield>
    </datafield>
    <datafield tag="260" ind1="#" ind2="#">
      <subfield code="a">Jakarta :</subfield>
      <subfield code="b">Pusbangkom Pimnas dan Manajerial ASN,</subfield>
      <subfield code="c">2023</subfield>
    </datafield>
    <datafield tag="300" ind1="#" ind2="#">
      <subfield code="a">50 halaman ;</subfield>
      <subfield code="c">30 cm</subfield>
    </datafield>
    <datafield tag="650" ind1="#" ind2="4">
      <subfield code="a">Sistem Manajemen</subfield>
    </datafield>
    <datafield tag="650" ind1="#" ind2="4">
      <subfield code="a">Sarana Prasarana</subfield>
    </datafield>
    <datafield tag="520" ind1="#" ind2="#">
      <subfield code="a">Dalam menunjang dan mendukung tugas dan fungsi Bagian Rumah Tangga dan Perlengkapan maka diperlukan optimalisasi manajemen pengelolaan sarana dan prasarana melalui aplikasi Sistem Manajemen Sarana dan Prasarana (SIMASPRAS) di lingkungan Kementerian Desa, Pembangunan Daerah Tertinggal, dan Transmigrasi yang efektif, efisien dan mudah diakses oleh pegawai. Melalui aplikasi ini pegawai dapat lebih mudah dan cepat dalam melaporkan keluhan pegawai. Hla ini diharapakan dapat meningkatkan kepercayaan dan kepuasan pegawai terhadap pelayanan Biro Umum  dan Layanan Pengadaan, khusunya Bagian Rumah Tangga dan Perlengkapan.</subfield>
    </datafield>
    <datafield tag="990" ind1="#" ind2="#">
      <subfield code="a">24.09.035</subfield>
    </datafield>
  </record>
</collection>
